ENVIRONMENTAL SCIENCE (Record no. 24746)

MARC details
000 -LEADER
fixed length control field 00286nam a22001337a 4500
003 - CONTROL NUMBER IDENTIFIER
control field SGT
020 ## - INTERNATIONAL STANDARD BOOK NUMBER
International Standard Book Number 978-15433426-73
100 ## - MAIN ENTRY--PERSONAL NAME
Personal name RANDHAWA, S.S
245 ## - TITLE STATEMENT
Title ENVIRONMENTAL SCIENCE
250 ## - EDITION STATEMENT
Edition statement 1st
260 ## - PUBLICATION, DISTRIBUTION, ETC. (IMPRINT)
Place of publication, distribution, etc S, VIKAS.2CO
Name of publisher, distributor, etc JALENDHAR
Year of Publication 2020
650 ## - SUBJECT ADDED ENTRY--TOPICAL TERM
Topical term or geographic name as entry element SCIENCE
942 ## - ADDED ENTRY ELEMENTS (KOHA)
Source of classification or shelving scheme Dewey Decimal Classification
Koha item type Books
Holdings
Withdrawn status Lost status Source of classification or shelving scheme Damaged status Not for loan Collection code Home library Current library Shelving location Date acquired Vendor Name Cost, normal purchase price SGTU Total Checkouts Accession No. (Barcode) Date last seen Bill Date Koha item type
    Dewey Decimal Classification     PHARMACY SGT FA-FP Library SGT FA-FP Library Text Book 04/08/2023 SONIA. YADAV 175.00 SGTU   DFP66 04/08/2023 04/08/2023 Books